Olivia Rodrigo - Paroles bad idea right? - Statistiques

Statistiques générales
  • Ce quiz a été pris 241 fois
  • Le résultat moyen est 373 sur 431
Statistiques - réponses
Hint Réponse % Correct
a
99%
"Ah"
99%
blah
99%
(blah,
99%
blah,
99%
blah)
99%
Blah
99%
I
99%
(I
99%
"I
99%
Oh,
97%
you
97%
my
96%
Refrain My
96%
right
96%
right?
96%
bad
95%
idea,
95%
it,
95%
it's
95%
to
95%
But
94%
But,
94%
but
94%
Can't
93%
can't
93%
friend, "
93%
friend,
93%
in
93%
know
93%
see
93%
tonight,
93%
and
92%
And
92%
as
92%
fuck
92%
ever
90%
ex,
90%
ex
90%
on
90%
said
90%
the
90%
The
90%
Chorus Yes,
90%
yes,
90%
him
89%
lie
89%
only
89%
that
89%
biggest
88%
fine
88%
hear
88%
people
88%
reconnect?
88%
Pré-chorus Seein'
88%
I'm
87%
2
85%
bed
85%
friends
85%
he's
85%
his
85%
all
83%
Should
83%
should
83%
where
82%
your
82%
brain
79%
into
79%
me
79%
when
79%
now,
78%
Couplet 2 Now
78%
goes,
77%
stop-,
77%
thoughts
77%
thoughts)
77%
Outro Thoughts
77%
address
76%
at
76%
new
76%
not
76%
up
76%
just
75%
months
75%
never
75%
was
75%
alone
74%
couple
74%
Like
74%
probably
74%
probably,
74%
sheets
74%
told
74%
tripped
74%
you're
74%
fell
73%
sendin'
73%
asleep
72%
here
72%
of
71%
phone,
71%
car,
70%
God,
70%
look
70%
cannot
69%
fucked
69%
Couplet 1 Haven't
68%
with
68%
heard
66%
done,
65%
I've
65%
men
65%
seen
65%
door
64%
we're
64%
remember
63%
some
63%
undertone
63%
from
62%
much
61%
hotter
60%
plans
60%
sure
60%
really
59%
through
58%
Intro Hey
57%
second
57%
floor
55%
whose
55%
gettin'
54%
out
54%
sensin'
54%
standin',
54%
callin'
52%
smiling
50%
wreckin'
44%
or
43%
place,
43%
pull
32%
Aucun quiz correspondant
Distribution des résultats
% des personnes avec chaque résultat
Percentile par nombre de réponses
Votre historique - résultats
Vous n’avez pas pris ce quiz